|
|
|
|
| LEADER |
01243nam a2200301 a 4500 |
| 001 |
3307 |
| 003 |
BD-DhAAL |
| 005 |
20150526093904.0 |
| 008 |
150526s1992 nyu b 001 0 eng |
| 010 |
|
|
|a 91021862
|
| 020 |
|
|
|a 0673466027
|
| 040 |
|
|
|a DLC
|c DLC
|d DLC
|d BD-DhAAL
|
| 050 |
0 |
0 |
|a BF76.5
|b .S68 1992
|
| 082 |
0 |
0 |
|a 150/.72
|2 20
|
| 100 |
1 |
|
|a Stanovich, Keith E.,
|d 1950-
|9 11415
|
| 245 |
1 |
0 |
|a How to think straight about psychology /
|c Keith E. Stanovich.
|
| 250 |
|
|
|a 3rd ed.
|
| 260 |
|
|
|a [New York] :
|b HarperCollins,
|c c1992.
|
| 300 |
|
|
|a xv, 208 p. ;
|c 24 cm.
|
| 504 |
|
|
|a Includes bibliographical references (p. 191-203) and index.
|
| 541 |
|
|
|e 3307
|
| 650 |
|
0 |
|a Psychology
|x Research
|x Methodology.
|9 11030
|
| 650 |
|
0 |
|a Mass media
|x Psychological aspects.
|9 11416
|
| 650 |
|
0 |
|a Mass media
|x Objectivity.
|9 11417
|
| 942 |
|
|
|2 ddc
|c BK
|
| 999 |
|
|
|c 34518
|d 34518
|
| 952 |
|
|
|0 0
|1 0
|2 ddc
|4 0
|6 150_720000000000000_STA
|7 0
|9 53884
|a SCL
|b SCL
|c GEN
|d 2015-05-26
|e Gift: The Asia Foundation
|l 3
|m 1
|o 150.72 STA
|p 3020003307
|r 2025-05-03
|s 2025-04-18
|t 1
|w 2015-05-26
|y BK
|
| 952 |
|
|
|0 0
|1 0
|2 ddc
|4 0
|6 150_720000000000000_STA
|7 0
|9 53981
|a SCL
|b SCL
|c GEN
|d 2015-06-01
|e Gift: The Asia Foundation
|l 2
|m 1
|o 150.72 STA
|p 3020003309
|r 2024-01-28
|s 2024-01-25
|t 2
|w 2015-06-01
|y BK
|